| 000 | 00649nam a22002295i 4500 | ||
|---|---|---|---|
| 001 | 16817 | ||
| 003 | ES-MaACL | ||
| 005 | 20230906151412.0 | ||
| 007 | t| | ||
| 008 | 001110s1991 sp ||||0| spa j | ||
| 020 | _a84-88186-02-9 | ||
| 040 |
_aM-BN _bspa _cM-BN |
||
| 080 | _a860-32"19" | ||
| 100 | 1 |
_aSáez-Angulo, Julia. _9101359 |
|
| 245 | 1 | 0 |
_aDe mi amor al arte _b: (relatos) / _cJulia Sáez-Angulo. |
| 260 |
_aMadrid : _bMRD Grupo, _cD.L. 1991. |
||
| 300 |
_a185 p ; _c21 cm. |
||
| 490 | 1 | _aFormas y signos del arte | |
| 830 | 0 |
_aFormas y signos del arte _9228676 |
|
| 852 |
_aES-MaACL _jG-3893 _bR.120644 |
||
| 999 |
_c16817 _d16817 |
||